000 00902nam a2200253 i 4500
001 169130
003 ES-MaACL
005 20250812062537.0
008 080819s19551955sp |||| | spa d
080 _a340.12
100 1 _aDesantes Guanter, José María.
_943818
245 1 3 _aEl valor formativo del derecho /
_cJosé María Dasantes.
260 _aMadrid :
_bAteneo,
_c1955.
300 _a45 p. :
_b1 lam. ;
_c19 cm.
490 1 _aColección "O crece o muere" ;
_v94
500 _aEl original fue dado a conocer por el autor en el Círculo Cultural Guipuzcoano de San Sebastián el día 9 de mayo de 1953.
650 4 _aDerecho-
_xFilosofía
_911620
710 2 _aAteneo de Madrid.
_91875
830 0 0 _aColección "O crece o muere"
_v94
_9183476
852 _aES-MaACL
_9175768
_jJ-24(94)
_cDEPO2
852 _aES-MaACL
_9175767
_jJ-25(94)
_cDEPO2
942 _2udc
999 _c169130
_d169130